| Tag |
First Indicator |
Second Indicator |
Subfields |
| LEADER |
00000cam a2200000 4500 |
| 001 |
in00000060111 |
| 005 |
20151008051601.0 |
| 008 |
770106m19509999dcu b 00000 engm |
| 010 |
|
|
|a 50002664
|
| 035 |
|
|
|a (OCoLC)02663742
|
| 035 |
|
|
|9 AAG8803AM
|
| 040 |
|
|
|a DLC
|c SUC
|d SUC
|d OCL
|d TXA
|d UtOrBLW
|
| 049 |
|
|
|a TXAM
|v 1 [181262]
|
| 050 |
0 |
0 |
|a JX756
|b 1950
|
| 082 |
0 |
|
|a 341.247
|
| 092 |
|
|
|a 341.247
|b R969s
|
| 110 |
1 |
|
|a Russian S.F.S.R.
|
| 240 |
1 |
0 |
|a Treaties, etc.
|
| 245 |
1 |
0 |
|a Soviet treaty series ;
|b a collection of bilateral treaties, agreements and conventions, etc., concluded between the Soviet Union and foreign powers /
|c compiled and edited by Leonard Shapiro.
|
| 264 |
|
1 |
|a Washington :
|b Georgetown University Press,
|c 1950-
|
| 300 |
|
|
|a volumes ;
|c 29 cm.
|
| 336 |
|
|
|a text
|b txt
|2 rdacontent
|
| 337 |
|
|
|a unmediated
|b n
|2 rdamedia
|
| 338 |
|
|
|a volume
|b nc
|2 rdacarrier
|
| 504 |
|
|
|a Bibliography: volume 1, pages 385-387.
|
| 505 |
1 |
|
|a v.1. 1917-1928.--v.2. 1929-1939.
|
| 650 |
|
0 |
|a Treaties
|v Collections.
|
| 651 |
|
0 |
|a Soviet Union
|x Foreign relations
|v Treaties.
|
| 700 |
1 |
|
|a Shapiro, Leonard.
|
| 999 |
|
|
|a MARS
|
| 999 |
f |
f |
|s 5d0a9609-7778-3516-9605-39821f93e772
|i 6fc5c4cc-365f-3e0d-993b-b38e070a7c6b
|t 0
|
| 952 |
f |
f |
|p ric
|a Texas A&M University
|b Rellis Campus
|c Joint Library Facility
|d Remote Storage
|t 0
|e JX756 1950
|h Library of Congress classification
|i unmediated -- volume
|k v.1
|m A14800783883
|
| 998 |
f |
f |
|a JX756 1950
|s v.1
|t 0
|l Remote Storage
|